| 000 | 00296nam a22000977a 4500 | ||
|---|---|---|---|
| 008 | 130416b xxu||||| |||| 00| 0 eng d | ||
| 020 |
_a0824725204 _cAvalable |
||
| 050 |
_a572.822KON _b002273 |
||
| 245 |
_aSystems Biology Principles,Methods and Concepts _cKonopka,Andrzej K |
||
| 260 |
_aUSA _bCrc Press _c2007 |
||
| 999 |
_c23398 _d23398 |
||